000
00266nam a22001217a 4500
008
181022b xxu||||| |||| 00| 0 eng d
041
_a
eng
080
_a
321
100
_a
26
101
_a
POL
245
_a
South African Politics
_c
Leonard.TH
942
_2
udc
_c
BK
999
_c
50410
_d
50410